000 00333nam a2200133Ia 4500
100 _aEary/Donald F/ Reed/E.A
942 _cBK
654 _apressworking
245 _aTechniques of Pressworking Sheet Metal
260 _bPrentice -Hall of India
_aNew Delhi
_c1974
082 _a671.823/EAR
_bEAR
300 _a596
546 _aENGLISH
999 _c22379
_d22379